00409nam a2200157Ia 4500008004100000020000700041082001700048100002600065245002500091250000700116260003500123300002800158500001900186600003300205650001300238240925s9999 xx 000 0 und d aNA a297.1226 KAS aKaseer, Ibne H.E.A 0aTafseer Ibn-e-Kaseer aNA aLahore:bHudaibia publc,1999. axix,834p.bNAfOriginal aIncludes Index aHumanities & Natural Science aReligion